00609nmm a2200169Ia 4500008004100000020001800041041000800059100002700067245015800094264005400252300001800306490001600324650002300340856005200363942000700415999001700422251105s9999||||xx |||||||||||||||||und|| a9789978325353 aspa aToral Tenorio, Juanita 0aManual Operativo para la inclusión de niños y niñas de 3 a 5 años :b Con necesidades educativas especiales derivadas de la discapacidad física a[Quito, Ecuador] :bUniversidad del Azuay, c2014 a177 páginas aEducación aAges 3-5 Years Old uhttps://public.digitaliapublishing.com/a/133384 cCF c97940d97940